Resource-maximising and ecologically safe technology for the recycling of used tyres (Record no. 66834)

MARC details
000 -LEADER
fixed length control field 00522nam a2200181Ia 4500
100 ## - MAIN ENTRY--AUTHOR NAME
Personal name Shalyganov E F
245 #0 - TITLE STATEMENT
Title Resource-maximising and ecologically safe technology for the recycling of used tyres
260 ## - PUBLICATION, DISTRIBUTION, ETC. (IMPRINT)
Name of publisher International Polymer Science and Technology
Year of publication 2006
300 ## - PHYSICAL DESCRIPTION
Number of Pages 19-21
650 ## - SUBJECT ADDED ENTRY--TOPICAL TERM
Topical Term Tyre processing
650 ## - SUBJECT ADDED ENTRY--TOPICAL TERM
Topical Term Tyre recycling
700 ## - ADDED ENTRY--PERSONAL NAME
Personal name Anisimov P V
700 ## - ADDED ENTRY--PERSONAL NAME
Personal name Borisov E M
700 ## - ADDED ENTRY--PERSONAL NAME
Personal name Borisov I E
700 ## - ADDED ENTRY--PERSONAL NAME
Personal name Yazev V A
942 ## - ADDED ENTRY ELEMENTS (KOHA)
Koha item type Journals
Holdings
Withdrawn status Lost status Damaged status Not for loan Home library Current library Shelving location Date acquired Serial Enumeration / chronology Koha item type
      Journals RRII Library RRII Library Rubber chemistry 17/12/2021 Volume 33, Issue 2 Journals